00250nam a2200097Ia 4500008004100000100001900041245004700060260002800107300000800135650000900143191201s2015 xx 000 0 und d aRANGANATHAM, M 0aSecurity Analysis and Portfolio Management aN. DelhibPearsonc2015 a766 aNCFM